00326nam a2200109Ia 4500008004000000020001800040082001800058100002300076245004700099260006200146300000800208210210b1977 xxu||||| |||| 00| 0 eng d a0 684 84015 4 a362.8286 COVS aCOVEY (Stephen R). aSeven habits of highly effective families. aGreat Britain.bSimon & Schuster A Viacom Company.,c1977 a392